Общая характеристика финансово-промышленных групп Российской Федерации и результаты их хозяйственной деятельности в 2001 г.; Проблемы управления рыночной экономикой

Detalles Bibliográficos
Parent link:Проблемы управления рыночной экономикой.— 2002.— С. 316-324
Autor Principal: Верховская М. В. Марина Витальевна
Idioma:ruso
Publicado: 2002
Subjects:
Formato: MixedMaterials Capítulo de libro
KOHA link:https://koha.lib.tpu.ru/cgi-bin/koha/opac-detail.pl?biblionumber=218789

MARC

LEADER 00000naa2a2200000 4500
001 218789
005 20231222145429.0
035 |a (RuTPU)RU\TPU\book\238822 
035 |a RU\TPU\book\238820 
090 |a 218789 
100 |a 20120626d2002 k y0rusy50 ca 
101 0 |a rus 
102 |a RU 
200 1 |a Общая характеристика финансово-промышленных групп Российской Федерации и результаты их хозяйственной деятельности в 2001 г.  |f М. В. Верховская 
463 0 |0 (RuTPU)RU\TPU\book\69947  |t Проблемы управления рыночной экономикой  |o региональный сборник научных трудов  |h Вып. 4  |f Томский политехнический университет; под ред. И. Е. Никулиной, М. А. Саленко  |v С. 316-324  |d 2002  |p 414 с. 
610 1 |a труды учёных ТПУ 
700 1 |a Верховская  |b М. В.  |c специалист в области менеджмента  |c доцент Томского политехнического университета, кандидат экономических наук  |f 1976-  |g Марина Витальевна  |3 (RuTPU)RU\TPU\pers\29729  |9 14214 
801 1 |a RU  |b 63413507  |c 20120626 
801 2 |a RU  |b 63413507  |c 20200305  |g RCR 
942 |c BK